000 00592nam a22001817a 4500
003 OSt
005 20180117161345.0
008 131114b xxu||||| |||| 00| 0 eng d
020 _a99923-25-48-8
040 _cCRI
082 _a972.84
245 0 0 _aHistoria de El Salvador
_b: de cómo los guanacos no sucumbieron a los infames ultrajes de los españoles, criollos, gringos y otras plagas
250 _a7ª ed
260 _aSan Salvador
_bEquipo de Educación Maiz
_c2008
300 _a208 p.
_bil. b. y n.
_c28 cm
651 4 _93692
_aEl Salvador
_xHistoria
942 _2ddc
_cBK
_hprozim
999 _c4124
_d4124